000 00632cam a22002295a 4500
001 L159726
008 150226s2017 xxk f 000 0 eng d
035 _a(Sirsi) u159726
041 0 _aeng
100 1 _aHooper, Brendon
_96168
245 0 4 _aThe hit factory
260 _c2017
490 _aModus
_vMay 2017, 32-33 (2)
520 _aRetailers and investors are finally recognising the growth potential of Europe's outlet centre market.
590 _aKA
650 2 4 _aOUTLET SHOPPING CENTRES
650 2 4 _aRETAIL
650 2 4 _aRETAIL INVESTMENT
651 4 _aEurope
690 _aCommercial property
_96227
942 _n0
999 _c84937
_d84937